| 000 | 00563nam a2200205 a 4500 | ||
|---|---|---|---|
| 005 | 20210223120600.0 | ||
| 008 | 991125s1993 mx 000 0 spa u | ||
| 020 | _a9686382674 | ||
| 035 | _aUPN01000003626 | ||
| 049 | _aI | ||
| 050 | 4 |
_aE99 A6 _bV4.2 |
|
| 100 | 1 | _aVilla Guerrero, Guadalupe | |
| 245 | 1 | 1 |
_a¡Apaches! / _cGuadalupe Villa. |
| 260 |
_aMéxico : _bInstituto Mora, _c1993. |
||
| 300 |
_a47 p. : _bil. |
||
| 440 | 3 | _aEl tiempo vuela | |
| 650 | 4 |
_aAPACHES _96484 |
|
| 650 | 4 |
_aINDIOS DE AMERICA DEL NORTE - _xGUERRAS - _y1866-1895 |
|
| 905 | _aInfantil | ||
| 999 |
_c3626 _d3626 |
||